Welcome to CU Library Online Public Access Catalogue (OPAC)

Thinking Mathematically/ (Record no. 454)

MARC details
000 -LEADER
fixed length control field 00500nam a22001577a 4500
005 - DATE AND TIME OF LATEST TRANSACTION
control field 20241031124731.0
008 - FIXED-LENGTH DATA ELEMENTS--GENERAL INFORMATION
fixed length control field 241031b |||||||| |||| 00| 0 eng d
020 ## - INTERNATIONAL STANDARD BOOK NUMBER
International Standard Book Number 9780536827869
050 ## - LIBRARY OF CONGRESS CALL NUMBER
Classification number QA39.3
Item number .B59
100 ## - MAIN ENTRY--PERSONAL NAME
Personal name Blitzer, Robert
245 ## - TITLE STATEMENT
Title Thinking Mathematically/
Remainder of title special edition for Illinois Valley Community College
Statement of responsibility, etc. Robert Blitzer
260 ## - PUBLICATION, DISTRIBUTION, ETC.
Place of publication, distribution, etc. Boston
Name of publisher, distributor, etc. Pearson Custom Publishing
Date of publication, distribution, etc. 2005
300 ## - PHYSICAL DESCRIPTION
Extent xxiii,700,56p.
Other physical details ill.some color
Dimensions 26cm
650 ## - SUBJECT ADDED ENTRY--TOPICAL TERM
Source of heading or term Mathematice
942 ## - ADDED ENTRY ELEMENTS (KOHA)
Source of classification or shelving scheme Library of Congress Classification
Koha item type Books
Suppress in OPAC No
999 ## -
-- 454
-- 454
Holdings
Withdrawn status Lost status Source of classification or shelving scheme Damaged status Not for loan Collection Home library Current library Shelving location Date acquired Total checkouts Full call number Barcode Date last seen Copy number Price effective from Koha item type
    Library of Congress Classification     Non-fiction Science Library (Miotso) Science Library (Miotso) General stacks 10/31/2024   QA39.3 .B59 BLI SLM00000255 10/31/2024 1 10/31/2024 Books
© 2023-2024 Copyright: Central University Libraries. All Rights Reserved | Created by: Mahone Tech Office